书目信息 |
| 题名: |
利平斯基
|
|
| 作者: | [加拿大]卡彭科 , [加拿大]卡彭科 译 | |
| 分册: | ||
| 出版信息: | 沈阳 辽宁教育出版社 1999.9 |
|
| 页数: | 68页 | |
| 开本: | 32开 | |
| 丛书名: | 体育明星系列 | |
| 单 册: | ||
| 中图分类: | K815.47-51 | |
| 科图分类: | ||
| 主题词: | 利平斯基--生平事迹 | |
| 电子资源: | ||
| ISBN: | 7-5382-5598-2 | |
| 000 | 00740nam0 2200229 45 | |
| 001 | 0005260920 | |
| 005 | 20031219104045.5 | |
| 010 | @a7-5382-5598-2@dCNY4.80 | |
| 100 | @a20000526d1999 km y0chiy0120 ea | |
| 101 | @achi | |
| 105 | @a z 000yy | |
| 200 | 1 | @a利平斯基@f[加拿大]卡彭科(Karpenko,A.)著;许琼玲译@F[Jia Na Da]Ka Peng Ke(Karpenko,A.)Zhu;Xu Qiong Ling Yi |
| 210 | @a沈阳@c辽宁教育出版社@d1999.9 | |
| 215 | @a68页@c冠图@d32开 | |
| 225 | @a体育明星系列 | |
| 410 | @12001 @a体育明星系列 | |
| 606 | 0 | @a利平斯基@x生平事迹 |
| 690 | @aK815.47-51@v1 | |
| 701 | @a[加拿大]卡彭科@bKarpenko,A.0著;许琼玲@4译 | |
| 701 | 0 | @a[加拿大]卡彭科@bKarpenko,A.@4著 |
| 801 | @aCN@bTSTC@c20000526 | |
| 905 | @f5@b288943-947@dK815.47-51@e58:8 | |
| 利平斯基/[加拿大]卡彭科(Karpenko,A.)著;许琼玲译.-沈阳:辽宁教育出版社,1999.9 |
| 68页:冠图;32开.-(体育明星系列) |
| ISBN 7-5382-5598-2:CNY4.80 |
| ● |
| 相关链接 |
|
|
|
|
正题名:利平斯基
索取号:K815.47-51/58:8
 
预约/预借
| 序号 | 登录号 | 条形码 | 馆藏地/架位号 | 状态 | 备注 |
| 1 | 0288943 | 002889431 | 第二借阅区/ [索取号:K815.47-51/58:8] | 在馆 | |
| 2 | 0288944 | 002889440 | 第二借阅区/ [索取号:K815.47-51/58:8] | 在馆 | |
| 3 | 0288945 | 002889459 | 第二借阅区/ [索取号:K815.47-51/58:8] | 在馆 | |
| 4 | 0288946 | 002889468 | 第二借阅区/ [索取号:K815.47-51/58:8] | 在馆 | |
| 5 | 0288947 | 002889477 | 第二样本阅览室/ [索取号:K815.47-51/58:8] | 在馆 |